Ankara radyosunda söylediklerim I (Record no. 2982)

MARC details
000 -BAŞLIK
Sabit Uzunlukta Kontrol Alanı 00748na a2200241 4500
001 - KONTROL NUMARASI
Denetim Alanı 23114
003 - KONTROL NUMARASI IDENTIFIER
Denetim Alanı MIRAKIL
005 - SON İŞLEM TARİHİ VE ZAMANI
Denetim Alanı 20181213154915.0
008 - SABİT-BOY VERİ ELEMANLARI - GENEL BİLGİLER
Sabit Uzunlukta Kontrol Alanı 170713b tu 000 0
040 ## - KATALOGLAMA KAYNAK
Orijinal Kataloglama Ajansı Milas
Kataloglama Dili tur
Metne Dönüştürmek Ajansı TR-AnCHP
041 ## - DİL KODU
Metin / Ses Parça Veya Ayrı Başlığın Dil Kodu tur
082 ## - DEWEY ONLU SINIFLANDIRMA NUMARASI
Sınıflandırma Numarası CHP 324.217209
Ürün Numarası D86a 1937
090 ## - SINIFLAMA NUMARASI
Sınıflama Numarası CHP 324.217209 D86a 1937
100 ## - ANA GİRİŞ - KİŞİSEL İSİM
Kişisel Ad Duru, Kazım Nami
Bir Adıyla İlişkilendirilen Tarihler 1875-1967
245 ## - BAŞLIK TABLOSU
Başlık Ankara radyosunda söylediklerim I
Sorumluluk Tablosu, Vb Kazım Nami Duru
246 ## - UNVAN FORM VARYING
Başlık Doğru / Kısa Başlığı Kazım Nami Duru konuşmaları
260 ## - YAYIN, DAĞITIM, VB
Yayın, Dağıtım, Vb Yeri Ankara
Yayıncı, Dağıtıcı, Vs Adı Ulus Basımevi
Yayın, Dağıtım, Vb Tarihi 1937
300 ## - FİZİKSEL TANIM
Kapsam 74 s.
Boyutlar 20
600 ## - KONU KATMA GİRİŞ - KURUMSAL ADI
Kişisel Ad Duru, Kazım Nami
Başlıklar Ve Bir Adla İlişkili Diğer Kelimeler Milletvekili
Genel Alt Bölümü Söylev ve demeçler
650 ## - KONU KATMA GİRİŞ - TOPİKAL DÖNEM
Topikal Süreli Veya Coğrafi Ad Giriş Elemanı CHP
Genel Alt Bölümü Söylev ve Demeçler
Kronolojik Alt Bölümü Kazım Nami Duru
740 ## - KATMA GİRİŞ - KONTROLSUZ İLGİLİ / ANALİTİK BAŞLIK
Kontrol Edilmeyen / İlgili Analitik Başlıktaki Kazım Nami Duru konuşmaları
942 ## - EKLENDİ GİRİŞ ELEMANLARI (KOHA)
Sınıflandırma Veya Raf Düzeni Kaynak Dewey Decimal Classification
Koha Öğesi Türü Books
999 ## - SİSTEM KONTROL NUMARALARI (KOHA)
Koha Biblionumber 2982
Koha Biblioitemnumber 2982
Holdings
Kalıcı Konum Mevcut Konum Edinme Tarihi Edinim Kaynak Toplam Check-Out'Lar Tam Çağrı Numarası Barkod Tarih Son Görülme İtibaren Geçerli Fiyatlar Koha Öğesi Türü
CHP Kütüphanesi CHP Kütüphanesi 07/13/2017 Bağış   CHP 324.217209 D86a 1937 017087 07/13/2017 07/13/2017 Books